Perceptions of equity and the distribution of income (Registro nro. 33423)
[ vista simple ]
| 000 -LEADER | |
|---|---|
| fixed length control field | 00346 a2200109 4500 |
| 001 - CONTROL NUMBER | |
| control field | ART_43603 |
| 005 - DATE AND TIME OF LATEST TRANSACTION | |
| control field | 20260410162024.0 |
| 008 - FIXED-LENGTH DATA ELEMENTS--GENERAL INFORMATION | |
| fixed length control field | 260409a |
| 100 1# - MAIN ENTRY--PERSONAL NAME | |
| Personal name | Rotemberg, Julio |
| 245 10 - TITLE STATEMENT | |
| Title | Perceptions of equity and the distribution of income |
| 773 0# - HOST ITEM ENTRY | |
| Title | Journal of labor economics |
| Related parts | - Vol. 20, Nº 2/1 (abr. 2002) |
| Record control number | REV43438 |
No hay ítems disponibles.